000 00512nam a22001937a 4500
003 MPLRDC
005 20220104124136.0
008 210129b ||||| |||| 00| 0 eng d
020 _a957-9093-19-9
082 _a873.35 AUS-2
100 _aJANE AUSTEN
245 _a傲慢与偏见
_c孙致礼 译
250 _a初版
260 _a
_b林郁文化事业有限公司
_c1992
300 _b
490 _a新编. 世界文学名著. 8
650 _a英国文学--长篇小说
942 _cBK
_o873.35 AUS-2
999 _c16969
_d16959